ბათუმის შოთა რუსთაველის სახელმწიფო უნივერსიტეტის ბიბლიოთეკა

Избранные сочинения в четырех томах. Т.2 (ბიბ.ჩანაწერი № 46479)

000 -LEADER
fixed length control field 00893nam a2200229Ia 4500
001 - CONTROL NUMBER
control field 13318
003 - CONTROL NUMBER IDENTIFIER
control field GE_BSU
008 - FIXED-LENGTH DATA ELEMENTS--GENERAL INFORMATION
fixed length control field 181216s||||||||xx |||||||||||||| ||und||
040 ## - CATALOGING SOURCE
Transcribing agency GE_BSU
080 ## - UNIVERSAL DECIMAL CLASSIFICATION NUMBER
Universal Decimal Classification number 57
100 ## - MAIN ENTRY--PERSONAL NAME
Personal name Тимирязев,К.А.
245 ## - TITLE STATEMENT
Title Избранные сочинения в четырех томах. Т.2
245 ## - TITLE STATEMENT
Remainder of title Земледелие и физиология растении:Сборник общедоступных лекции
245 ## - TITLE STATEMENT
Statement of responsibility, etc. Ред.колл.В.Л.Комаров,Т.Д.Лысенко,А.К.Тимирязев
260 ## - PUBLICATION, DISTRIBUTION, ETC.
Place of publication, distribution, etc. Москва
260 ## - PUBLICATION, DISTRIBUTION, ETC.
Name of publisher, distributor, etc. Огиз-сельхозгиз
260 ## - PUBLICATION, DISTRIBUTION, ETC.
Date of publication, distribution, etc. 1948
300 ## - PHYSICAL DESCRIPTION
Extent 424стр.илл.22см.
653 ## - INDEX TERM--UNCONTROLLED
Uncontrolled term Земледелие и физиология растении:Сборник общедоступных лекции
653 ## - INDEX TERM--UNCONTROLLED
Uncontrolled term Избранные сочинения
942 ## - ADDED ENTRY ELEMENTS (KOHA)
Koha item type წიგნი
ეგზემპლარები
Withdrawn status Lost status Damaged status Not for loan Date acquired Barcode Date last seen Price effective from Koha item type
        2018-12-17 20858 2018-12-17 2018-12-17 წიგნი